header

Reverence : (Record no. 67074)

MARC details
000 -LEADER
fixed length control field 01092nam a22002894a 4500
082 04 - DEWEY DECIMAL CLASSIFICATION NUMBER
Classification number 170
100 1# - MAIN ENTRY--AUTHOR NAME
Personal name Woodruff, Paul,
245 10 - TITLE STATEMENT
Title Reverence :
260 ## - PUBLICATION, DISTRIBUTION, ETC. (IMPRINT)
Place of publication Oxford ;
-- New York :
Name of publisher Oxford University Press,
Year of publication 2001.
300 ## - PHYSICAL DESCRIPTION
Number of Pages 248 p.
650 #0 - SUBJECT ADDED ENTRY--TOPICAL TERM
Topical Term Honor.
Topical Term Respect.
856 40 - ELECTRONIC LOCATION AND ACCESS
Uniform Resource Identifier http://site.ebrary.com/lib/rucke/Doc?id=10085240

No items available.

© 2026 Rongo University
Contact us: librarian | system librarian | Rongo university